00655 2200217 4500001002100000005001500021035002000036007000300056008004100059082002500100084003100125100001900156245005400175260006900229300002800298650001400326650001500340520002400355856003400379990002400413INLIS00000000000829820260428110043 a0010-0426000147ta260428 0 ind  a631.18 : 631.1 : 636 a631.18 : 631.1 : 636 TIM p0 aTIM BPTP JATIM1 aPendampingan Kawasan Pertanian Tanaman Peternakan aMalang :bBalai Pengkajian Teknologi Pertanian Jawa Timur,c2017 a36p. :bIlus ;c29.1 cm 4aPertanian 4aPeternakan aLaporan Akhir Tahun aPerpustakaan BBRMP Jawa Timur a439/2026/BBRMPJATIM